Yöneticiler için yeni bir bakış (Record no. 3557)

MARC details
000 -BAŞLIK
Sabit Uzunlukta Kontrol Alanı 00926na a2200289 4500
001 - KONTROL NUMARASI
Denetim Alanı 14362
003 - KONTROL NUMARASI IDENTIFIER
Denetim Alanı MIRAKIL
005 - SON İŞLEM TARİHİ VE ZAMANI
Denetim Alanı 20181213154935.0
008 - SABİT-BOY VERİ ELEMANLARI - GENEL BİLGİLER
Sabit Uzunlukta Kontrol Alanı 160923b tu 000 0
020 ## - ULUSLARARASI STANDART KİTAP NUMARASI
Uluslararası Standart Kitap Numarası 9753221185
035 ## - SİSTEM KONTROL NUMARASI
Sistem Kontrol Numarası 14362
040 ## - KATALOGLAMA KAYNAK
Orijinal Kataloglama Ajansı Milas
Kataloglama Dili tur
Metne Dönüştürmek Ajansı TR-AnCHP
082 ## - DEWEY ONLU SINIFLANDIRMA NUMARASI
Sınıflandırma Numarası ATA 303.34
Ürün Numarası B29m 2005
090 ## - SINIFLAMA NUMARASI
Sınıflama Numarası ATA 303.34 B29m 2005
100 ## - ANA GİRİŞ - KİŞİSEL İSİM
Kişisel Ad Baykal, Adnan Nur
245 ## - BAŞLIK TABLOSU
Başlık Yöneticiler için yeni bir bakış
Başlığın Kalan Mustafa Kemal Atatürk'ün liderlik sırları
Sorumluluk Tablosu, Vb Adnan Nur Baykal
246 ## - UNVAN FORM VARYING
Başlık Doğru / Kısa Başlığı Liderlik sırları
246 ## - UNVAN FORM VARYING
Başlık Doğru / Kısa Başlığı Mustafa Kemal Atatürk'ün liderlik sırları
250 ## - EDITION TABLOSU
Baskı Beyanı 18. bs.
260 ## - YAYIN, DAĞITIM, VB
Yayın, Dağıtım, Vb Yeri İstanbul
Yayıncı, Dağıtıcı, Vs Adı Sistem Yayıncılık
Yayın, Dağıtım, Vb Tarihi 2005
300 ## - FİZİKSEL TANIM
Kapsam xvi, 266 s.
Boyutlar 19 sm.
490 ## - SERİSİ TABLOSU
Seri Beyanı Sistem Yayıncılık
Hacim / Ardışık Tanımı 200
504 ## - KAYNAKÇA VB NOT
Kaynakça Vb Notu Kaynakça (s. 255-266 )var.
600 ## - KONU KATMA GİRİŞ - KURUMSAL ADI
Kişisel Ad Atatürk, Mustafa Kemal
Bir Adıyla İlişkilendirilen Tarihler 1881-1938
Genel Alt Bölümü Siyasal ve sosyal görüşler
Kronolojik Alt Bölümü Liderlik
650 ## - KONU KATMA GİRİŞ - TOPİKAL DÖNEM
Topikal Süreli Veya Coğrafi Ad Giriş Elemanı Liderlik
942 ## - EKLENDİ GİRİŞ ELEMANLARI (KOHA)
Sınıflandırma Veya Raf Düzeni Kaynak
Koha Öğesi Türü Books
999 ## - SİSTEM KONTROL NUMARALARI (KOHA)
Koha Biblionumber 3557
Koha Biblioitemnumber 3557
Holdings
Kalıcı Konum Mevcut Konum Edinme Tarihi Edinim Kaynak Toplam Check-Out'Lar Tam Çağrı Numarası Barkod Tarih Son Görülme İtibaren Geçerli Fiyatlar Koha Öğesi Türü
CHP Kütüphanesi CHP Kütüphanesi 08/26/2016 Bağış   ATA 303.34 B29m 2005 002189 08/26/2016 08/26/2016 Books